Statistics for dave quiz finish lyric

Click here to take the quiz!

General Stats

  • This quiz has been taken 28 times
  • The average score is 3 of 12

Answer Stats

HintAnswer% Correct
"Biggie, Biggie, Biggie cant you see sometimes your words just _________ me"
The Notorious BIG
hypnotize
81%
"for this life i can not change, in the _____"
Travis Scott
hills
42%
"Taste like candy, sweet like fruit, wet like _____ , can i love on you?"
Moneybagg Yo
water
42%
"I fly like paper get high like _____"
M.I.A
planes
38%
"This is a gated community please get the f**k off the _______"
Drake
property
35%
"I'm just sayin' hey, Mona Lisa / Come home you can't Rome without _______"
Kanye West
Caesar
31%
"b**ch real g's move in silence like _____"
Lil Wayne
lasagna
19%
"Jumpman, Jumpman, Metro Boomin on ________, wow"
Drake and Future
production
12%
"Tears on the mausoleum floor / ______ ______ the Colosseum doors"
JAY-Z and Kanye West
blood stains
8%
"put molly all in her ______ she ain't even know it"
Rick Ross
champagne
8%
"rat-a-tat-tat, these n***** ________"
Lil Uzi Vert
rats
8%
"Live on _____ i dont see that shade / Me and young Gunna back at it again"
Gunna and Lil Baby
paradise
0%

Score Distribution

Percentile by Number Answered

Percent of People with Each Score

Your Score History

You have not taken this quiz